Detalles MARC
| 000 -CABECERA |
| campo de control de longitud fija |
00891nam a2200253 i 4500 |
| 001 - NÚMERO DE CONTROL |
| campo de control |
000036126 |
| 003 - IDENTIFICADOR DEL NÚMERO DE CONTROL |
| campo de control |
DO-SdBNP |
| 005 - FECHA Y HORA DE LA ÚLTIMA TRANSACCIÓN |
| campo de control |
20250912113027.0 |
| 007 - CAMPO FIJO DE DESCRIPCIÓN FÍSICA--INFORMACIÓN GENERAL |
| campo de control de longitud fija |
ta |
| 008 - DATOS DE LONGITUD FIJA--INFORMACIÓN GENERAL |
| campo de control de longitud fija |
111214s1991 ch 000 0 spa d |
| 040 ## - FUENTE DE LA CATALOGACIÓN |
| Centro catalogador/agencia de origen |
DO-SdBNP |
| -- |
spa |
| Centro/agencia transcriptor |
BNPHU |
| Normas de descripción |
rda |
| 041 17 - CÓDIGO DE LENGUA |
| Código de lengua del texto/banda sonora o título independiente |
spa |
| Fuente del código |
eng |
| 082 #4 - NÚMERO DE LA CLASIFICACIÓN DECIMAL DEWEY |
| Número de clasificación |
xxx |
| Número de documento/Ítem |
A636e |
| Número de edición |
22 |
| 245 00 - MENCIÓN DE TÍTULO |
| Título |
Anuario estadístico de América Latina y el Caribe = |
| Resto del título |
Statistical yearbook for Latin America and the Caribbean / |
| 246 10 - FORMA VARIANTE DE TÍTULO |
| Título propio/Titulo breve |
Statistical yearbook for Latin America and the Caribbean |
| 264 ## - PRODUCCIÓN, PUBLICACIÓN, DISTRIBUCIÓN, FABRICACIÓN Y COPYRIGHT |
| Producción, publicación, distribución, fabricación y copyright |
Chile : |
| Nombre del de productor, editor, distribuidor, fabricante |
Comisión Económica para América Latina y el Caribe |
| -- |
Economic Commission for Latin America and the Caribbean, |
| Fecha de producción, publicación, distribución, fabricación o copyright |
1991. |
| 300 ## - DESCRIPCIÓN FÍSICA |
| Extensión |
774 páginas ; |
| Dimensiones |
29 cm. |
| 310 ## - PERIODICIDAD ACTUAL |
| Periodicidad actual |
anuario |
| 336 ## - TIPO DE CONTENIDO |
| Término de tipo de contenido |
texto |
| Código de tipo de contenido |
txt |
| Fuente |
rdacontent |
| 337 ## - TIPO DE MEDIO |
| Nombre/término del tipo de medio |
sin mediación |
| Código del tipo de medio |
n |
| Fuente |
rdamedia |
| 338 ## - TIPO DE SOPORTE |
| Nombre/término del tipo de soporte |
volumen |
| Código del tipo de soporte |
nc |
| Fuente |
rdacarrier |
| 546 ## - NOTA DE LENGUA/LENGUAJE |
| Nota de lengua/lenguaje |
Español y inglés |
| 942 ## - ELEMENTOS DE PUNTO DE ACCESO ADICIONAL (KOHA) |
| Fuente del sistema de clasificación o colocación |
Dewey Decimal Classification |
| Tipo de ítem Koha |
Libro |